Sermon que en alabanza del angelico Doctor Sto. Thomas de Aquino predicó en el Colegio de reverendos padres dominicos de esta Corte que le venera por su titular, y patrono, el Ilmo. Sor. D. Felipe Bertran... sale a luz a intancia, y solicitud de la expresada comunidad

Detalles Bibliográficos
Autor principal: Bertrand, Felipe (s. XVIII)
Formato: Libro
Lenguaje:Undetermined
Spanish
Publicado: en Madrid : en la imprenta de Don Antonio de Sancha, 1777.
Materias:
Colección:Banco de datos
Acervo:Biblioteca Palafoxiana. Colección bibliográfica
Descripción Física:40 p. ; 4°
Tema general:Homilética
Notas:Número de localización: 15987-L
LEADER 00806nam a2200181Ia 4500
008 150723s9999 xx 000 0 und d
041 0 |a spa 
050 0 |a PAFX BV4207 M6 
100 1 |a Bertrand, Felipe (s. XVIII) 
245 1 0 |a Sermon que en alabanza del angelico Doctor Sto. Thomas de Aquino predicó en el Colegio de reverendos padres dominicos de esta Corte que le venera por su titular, y patrono, el Ilmo. Sor. D. Felipe Bertran... sale a luz a intancia, y solicitud de la expresada comunidad 
260 |a en Madrid : en la imprenta de Don Antonio de Sancha, 1777. 
300 |a 40 p. ; 4° 
500 |a Número de localización: 15987-L 
501 |a Encuadernado con 13 obras 
650 1 0 |a Homilética 
942 |c PALALIB 
943 |g Biblioteca Palafoxiana. Colección bibliográfica 
999 |c 1053005  |d 1053005